[Event "GRE-ch U18"]
[Site "Thessaloniki"]
[Date "2014.01.05"]
[Round "6"]
[White "Peskelidis, Marios"]
[Black "Stamoulas, Nikos"]
[Result "0-1"]
[WhiteElo "1550"]
[BlackElo "1912"]
[PlyCount "62"]
[EventDate "2014.01.02"]
[EventType "swiss"]
[EventRounds "9"]
[EventCountry "GRE"]
[SourceTitle "EXT 2017"]
[Source "ChessBase"]
[SourceDate "2016.10.25"]
[SourceVersion "1"]
[SourceVersionDate "2016.10.25"]
[SourceQuality "1"]

1. e4 e5 2. Nf3 Nc6 3. d4 exd4 4. Nxd4 Bc5 5. Be3 Qf6 6. c3 Nge7 7. Be2 0-0 8. 0-0 Bb6 9. Na3 d5 10. f3 dxe4 11. fxe4 Qg6 12. Bf3 Ne5 13. Kh1 Bg4 14. Nac2 Kh8 15. Bf4 Bxf3 16. gxf3 Qf6 17. Bxe5 Qxe5 18. Qe1 c5 19. Ne2 f5 20. Qg3 Qxg3 21. Nxg3 Bc7 22. Rad1 Rad8 23. Kg2 h6 24. Rxd8 Rxd8 25. Rf2 fxe4 26. fxe4 Ng6 27. Kg1 Nf4 28. Kf1 Rd1+ 29. Ne1 Ra1 30. a3 c4 31. Re2 Nxe2 0-1

[Event "GRE-ch U18"]
[Site "Thessaloniki"]
[Date "2014.01.04"]
[Round "4"]
[White "Tetepoulidis, Ioannis"]
[Black "Peskelidis, Marios"]
[Result "0-1"]
[WhiteElo "1694"]
[BlackElo "1550"]
[PlyCount "116"]
[EventDate "2014.01.02"]
[EventType "swiss"]
[EventRounds "9"]
[EventCountry "GRE"]
[SourceTitle "EXT 2017"]
[Source "ChessBase"]
[SourceDate "2016.10.25"]
[SourceVersion "1"]
[SourceVersionDate "2016.10.25"]
[SourceQuality "1"]

1. e4 e5 2. Nf3 Nc6 3. d4 exd4 4. Bc4 Be7 5. c3 d6 6. cxd4 Nf6 7. Nc3 0-0 8. 0-0 Bg4 9. Be3 Na5 10. Be2 Nc6 11. Rc1 a6 12. h3 Bh5 13. d5 Bxf3 14. Bxf3 Ne5 15. Be2 Re8 16. Qb3 Qd7 17. f4 Ng6 18. Bd3 Bf8 19. Qxb7 Reb8 20. Qc6 Qxc6 21. dxc6 Rxb2 22. Rb1 Rxb1 23. Rxb1 Ne7 24. Rb7 Nxc6 25. Rxc7 Nd8 26. f5 Ne8 27. Ra7 Rxa7 28. Bxa7 Nc6 29. Bb6 Nb4 30. Bc4 Nf6 31. Be3 Nd7 32. Kf1 Ne5 33. Bb3 Be7 34. Ke2 Kf8 35. Nd5 Nxd5 36. Bxd5 Bd8 37. Kd2 Ke7 38. Bg5+ f6 39. Be3 Kd7 40. Kc3 Ba5+ 41. Kc2 Kc7 42. a4 h6 43. Bd4 Nd7 44. g4 Nc5 45. Kd1 Nxa4 46. h4 Nc3+ 47. Bxc3 Bxc3 48. Kc2 Be1 49. h5 Kb6 50. Kb3 Kc5 51. Bb7 a5 52. Kc2 Kd4 53. Kd1 Bb4 54. Ke2 Kc3 55. Bd5 a4 56. Ke3 Bc5+ 57. Ke2 Kb2 58. Kd3 a3 0-1

[Event "GRE-ch U14"]
[Site "Rio Achaia"]
[Date "2012.06.27"]
[Round "5.9"]
[White "Tsiros, Fragkiskos Vlasios"]
[Black "Peskelidis, Marios"]
[Result "1-0"]
[WhiteElo "1864"]
[BlackElo "1532"]
[PlyCount "53"]
[EventDate "2012.06.24"]
[EventType "swiss"]
[EventRounds "7"]
[EventCountry "GRE"]
[SourceTitle "EXT 2024"]
[Source "ChessBase"]
[SourceDate "2023.10.10"]
[SourceVersion "1"]
[SourceVersionDate "2023.10.10"]
[SourceQuality "1"]

1. e4 d5 2. exd5 Qxd5 3. Nc3 Qa5 4. d4 Nf6 5. Nf3 c6 6. Bd2 Qc7 7. Bc4 Bg4 8. h3 Bh5 9. g4 Bg6 10. Ne5 e6 11. Qe2 Bd6 12. h4 b5 13. Bb3 b4 14. Na4 Be4 15. f3 Bd5 16. 0-0-0 Nbd7 17. Rhe1 Bxb3 18. axb3 Bxe5 19. dxe5 Nd5 20. f4 0-0-0 21. Qc4 a5 22. Qa6+ Kb8 23. Re4 Rc8 24. c4 Ne7 25. Be3 Rcd8 26. Nb6 Nc8 27. Qa8# 1-0

[Event "GRE-ch U12"]
[Site "Kallithea"]
[Date "2010.06.30"]
[Round "7"]
[White "Tsouptsis, Sotirios"]
[Black "Peskelidis, Marios"]
[Result "1-0"]
[WhiteElo "1436"]
[BlackElo "1645"]
[PlyCount "35"]
[EventDate "2010.06.26"]
[EventType "swiss"]
[EventRounds "9"]
[EventCountry "GRE"]
[SourceTitle "EXT 2012"]
[Source "ChessBase"]
[SourceDate "2011.11.24"]
[SourceVersion "1"]
[SourceVersionDate "2011.11.24"]
[SourceQuality "1"]

1. e4 c5 2. Nf3 Nc6 3. d4 cxd4 4. Nxd4 Nxd4 5. Qxd4 Nf6 6. e5 Ng8 7. Bc4 e6 8. Nc3 g6 9. Nb5 a6 10. Bg5 Qxg5 11. Nc7+ Kd8 12. Nxa8 Qxg2 13. Qb6+ Ke7 14. Qc5+ Ke8 15. Qxc8+ Ke7 16. 0-0-0 Qc6 17. Nc7 Bh6+ 18. Kb1 1-0